| 000 | 00750nam a22002057a 4500 | ||
|---|---|---|---|
| 999 |
_c1976 _d1976 |
||
| 001 | 4235 | ||
| 003 | BD-DhUAP | ||
| 005 | 20210127135235.0 | ||
| 008 | 200218s2000 bg a|||| |||| 00| 0 eng d | ||
| 020 | _a9843200322 | ||
| 040 |
_aBD-DhUAP _bEng _cBD-DhUAP _dBD-DhUAP |
||
| 082 |
_223 _a363.73845492 PRO |
||
| 245 |
_aProceeding of the national seminar on contamination of groundwater by arsenic in Bangladesh / _cEdited by S. Z. Haider and M. A. Hossain. |
||
| 260 |
_aDhaka, Bangladesh : _bSchool of Environmental Science and management Independent University, _cc2000. |
||
| 300 |
_axii, 81 pages : _billustrations ; _c25 cm. |
||
| 650 |
_aArsenic _vToxicology _zBangladesh. |
||
| 700 | _aHaider, S. Z. | ||
| 700 | _aHossain, M. A. | ||
| 942 |
_2ddc _cBK |
||